Youth program hour idea book. (Record no. 12474)

000 -LEADER
fixed length control field 00594nam a2200193 a 4500
001 - CONTROL NUMBER
control field :::00010276$&:&@@
003 - CONTROL NUMBER IDENTIFIER
control field OkBaRHE
005 - DATE AND TIME OF LATEST TRANSACTION
control field 20000607103357.0
008 - FIXED-LENGTH DATA ELEMENTS--GENERAL INFORMATION
fixed length control field s1985 j 000 0 eng u
040 ## - CATALOGING SOURCE
Transcribing agency
100 1# - MAIN ENTRY--PERSONAL NAME
Personal name Leonard, Larry,
245 10 - TITLE STATEMENT
Title Youth program hour idea book.
260 ## - PUBLICATION, DISTRIBUTION, ETC. (IMPRINT)
Place of publication, distribution, etc Kansas City, MO., :
Name of publisher, distributor, etc Beacon Hill Press
Date of publication, distribution, etc c1985
300 ## - PHYSICAL DESCRIPTION
Extent 142 p. : photos ;
Dimensions 28 cm.
650 ## - SUBJECT ADDED ENTRY--TOPICAL TERM
Topical term or geographic name as entry element Church Work with Youth
700 ## - ADDED ENTRY--PERSONAL NAME
Personal name McCormick, Jack, Comp.
942 ## - ADDED ENTRY ELEMENTS (KOHA)
Source of classification or shelving scheme
Koha item type Books
Copies
Damaged status Barcode Not for loan Withdrawn status Koha item type Copy number Date last seen Full call number Lost status Shelving location Price effective from Source of classification or shelving scheme Permanent Location Date acquired
 10276  Books12010-04-14BV 4447 .L43 General Stacks2010-04-14 RHEMA Bible Training College2010-04-14